[Event "Wch Seniors 08th"]
[Site "Grieskirchen"]
[Date "1998.11.20"]
[Round "10"]
[White "Obermaier, Josef"]
[Black "Tavcar, Rado"]
[Result "1/2-1/2"]
[WhiteElo "1754"]
[BlackElo "2069"]
[PlyCount "93"]
[EventDate "1998.11.08"]
[EventType "swiss"]
[EventRounds "11"]
[EventCountry "AUT"]
[SourceTitle "CBM 067 Extra"]
[Source "ChessBase"]
[SourceDate "1999.01.01"]
[SourceVersion "1"]
[SourceVersionDate "1999.01.01"]
[SourceQuality "1"]

1. d4 Nf6 2. Bf4 g6 3. e3 Bg7 4. Nf3 0-0 5. Be2 d6 6. 0-0 Nbd7 7. Nbd2 c5 8. c3 b6 9. h3 Bb7 10. Rc1 Qc7 11. Nb3 Rfe8 12. Qc2 Rad8 13. Rfd1 Be4 14. Qd2 c4 15. Na1 e5 16. Bg5 h6 17. Bh4 Bb7 18. dxe5 dxe5 19. Qd6 Qxd6 20. Rxd6 g5 21. Bg3 Ne4 22. Rdd1 Nxg3 23. fxg3 b5 24. Rd2 Nb6 25. Rcd1 Rxd2 26. Rxd2 Bf8 27. Nc2 Bc5 28. Kf2 Be4 29. Nfe1 Na4 30. Nb4 Bf5 31. Bd1 Nb6 32. Nd5 Rc8 33. Nf3 e4 34. Nxb6 Bxb6 35. Nd4 Bd7 36. g4 Rc5 37. Bc2 Re5 38. Ne2 Bc8 39. Ng3 Bb7 40. Rd7 Bd5 41. Rd6 Be6 42. Ke2 Kf8 43. Rd1 Ke7 44. Rf1 a6 45. Nf5+ Bxf5 46. Rxf5 Re6 47. Rd5 1/2-1/2